000 00697nam a2200193 a 4500
001 2291
005 20140414131849.0
008 001113s19uu xx 00 eng d
020 _a0-679-81052-8
050 _aM 599.74
_bM64 1992
100 _aMilton, Joyce
245 _aWild, wild wolves /
_cJoyce Milton ; illustrated by Larry Schwinger.
260 _aNew York :
_bRandom House,
_c1992.
300 _a48 p. : col.,ill. ; cm.
440 _aStep into reading. A step 2 book
520 _aIntoduces the natural history of wolves, examining their social structure, hunting tactics, growth, and development, and explores myths and legends about them.
650 _aWolves.
999 _c110107
_d110107